| 000 | 01500njm a2200397 c 4500 | ||
|---|---|---|---|
| 003 | BLK | ||
| 005 | 20241005005451.0 | ||
| 008 | 180410b bul||n||s|||||||| n|bulo| | ||
| 010 | _aCDD00000352000 | ||
| 040 | _aBLK | ||
| 041 |
_aDEU _cDEU |
||
| 080 |
_aКвартет от струнни инструменти _b785.74:787.1/.4 _x _z785.74:787.1/.4 |
||
| 100 |
_aМоцарт, Волфганг Амадеус _d1756 - 1791 _9368558 |
||
| 700 |
_aMozart, Wolfgang Amadeus _d1756 - 1791 _9386874 |
||
| 700 | 1 |
_aAmadeus Quartet _eизп. _9353575 |
|
| 139 |
_aМоцарт, Волфганг Амадеус _bМ 93 |
||
| 245 | 1 | 0 |
_aDie Streichquartette [CD аудио] _bCD 1-6 _cВолфганг Амадеус Моцарт; * Wolfgang Amadeus Mozart; изп. Amadeus Quartet. _nCD 2 |
| 257 | _aDEU | ||
| 260 |
_аHamburg _bPolydor _cs.a. |
||
| 300 |
_c12 cm. _fбр. в к-т _g1 CD |
||
| 380 | _a7 | ||
| 505 |
_gA-dur KV169 _tStreichquartett |
||
| 505 |
_gC-dur KV170 _tStreichquartett |
||
| 505 |
_gEs-dur KV171 _tStreichquartett |
||
| 505 |
_gB-dur KV172 _tStreichquartett |
||
| 505 |
_gd-moll KV173 _tStreichquartett |
||
| 650 | 4 |
_aКвартети - струнни _9353180 |
|
| 653 | _aструнни квартети | ||
| 760 | 1 |
_aМоцарт, Волфганг Амадеус _h71мин. 7сек. _tCD 2 |
|
| 852 |
_aЦб CD 1890 _p5 |
||
| 856 | 4 |
_qpdf _u |
|
| 856 | 4 |
_qpdf _u |
|
| 942 |
_cCDD _n0 |
||
| 944 |
_aCR _c06.10.2008 _k _lCRON CRON |
||
| 944 |
_aED _c06.10.2008 _k |
||
| 999 |
_c215614 _d215614 |
||